| 000 | 00725nam a22002177a 4500 | ||
|---|---|---|---|
| 005 | 20170208113428.0 | ||
| 010 | _aENG-112393 | ||
| 020 |
_a9780199457779 _c995.00 |
||
| 020 |
_a199457778 _c995.00 |
||
| 035 | _aEN-95925 | ||
| 037 | _bDBAD/PUB | ||
| 082 | _a307.1216091724 | ||
| 245 |
_aThe urban imperative : _bedited by Edward Glaeser [and] Abha Joshi-Ghani _ctowards competitive cities / |
||
| 260 |
_aNew Delhi _bOxford University Press _c2015 |
||
| 270 |
_aYMCA Library Building, 1 Jai Singh Road, _bNew Delhi _e110001 |
||
| 300 |
_axivii,463p. _c23cm(Hb) |
||
| 500 | _aIncludes index | ||
| 700 | _aGlaeser, Edward | ||
| 700 | _aGhani, Abha Joshi | ||
| 942 |
_2ddc _cEN _mTHE _h307.1216091724 |
||
| 999 |
_c92280 _d92280 |
||